រូបភាពមួយ / (Record no. 8690)
[ view plain ]
| 000 -LEADER | |
|---|---|
| fixed length control field | 01651nam a22002777a 4500 |
| 001 - CONTROL NUMBER | |
| control field | 8690 |
| 003 - CONTROL NUMBER IDENTIFIER | |
| control field | FISKH |
| 005 - DATE AND TIME OF LATEST TRANSACTION | |
| control field | 20251010143143.0 |
| 008 - FIXED-LENGTH DATA ELEMENTS--GENERAL INFORMATION | |
| fixed length control field | 251010b cb ||||| |||| 00| 0 eng d |
| 040 ## - CATALOGING SOURCE | |
| Original cataloging agency | FISKH |
| Language of cataloging | khr |
| Transcribing agency | FISKH |
| Modifying agency | FISKH |
| 050 ## - LIBRARY OF CONGRESS CALL NUMBER | |
| Classification number | PZ7 |
| 082 ## - DEWEY DECIMAL CLASSIFICATION NUMBER | |
| Classification number | 741 |
| 100 ## - MAIN ENTRY--PERSONAL NAME | |
| Personal name | Ministry of Education, Youth and Sport |
| 245 ## - TITLE STATEMENT | |
| Title | រូបភាពមួយ / |
| Statement of responsibility, etc. | ក្រសួងអប់រំ យុវជន និងកីឡា |
| 260 ## - PUBLICATION, DISTRIBUTION, ETC. | |
| Place of publication, distribution, etc. | ភ្នំពេញ : |
| Name of publisher, distributor, etc. | កិច្ចសហប្រតិបត្តិការអភិវឌ្ឍន៍ប៊ែលហ្ស៊ិក , |
| Date of publication, distribution, etc. | 2009. |
| 300 ## - PHYSICAL DESCRIPTION | |
| Extent | 16 pages : |
| Other physical details | color illustrations ; |
| Dimensions | 25 cm . |
| 505 ## - FORMATTED CONTENTS NOTE | |
| Formatted contents note | L <br/> |
| 520 ## - SUMMARY, ETC. | |
| Summary, etc. | ថ្ងៃមួយ គ្រូបានបញ្ជាឲ្យអ្នករាល់គ្នាគូររូបដំរី។ ប៉ុន្តែខុមមិនចេះគូរ នាងបានបារម្ភខ្លាំងណាស់។ បន្ទាប់មក នាងបានរកឃើញរូបដំរីមួយនៅហាងជួសជុលកង់ ហើយសម្រេចចិត្តខ្ចីរូបនោះ។ |
| 520 ## - SUMMARY, ETC. | |
| Summary, etc. | One day, the teacher assigned everyone to draw an elephant; but Khom didn't know how to draw it; she was so worried. She found a picture of elephant at the bike repair shop and decided to borrow them.<br/> |
| 521 8# - TARGET AUDIENCE NOTE | |
| Target audience note | 530 <br/> |
| Source | Lexile estimate <br/> |
| 521 8# - TARGET AUDIENCE NOTE | |
| Target audience note | L <br/> |
| Source | Raz-Plus <br/> |
| 650 ## - SUBJECT ADDED ENTRY--TOPICAL TERM | |
| Topical term or geographic name entry element | រូបភាពមួយ |
| Form subdivision | រឿងនិទានកុមារ |
| 650 ## - SUBJECT ADDED ENTRY--TOPICAL TERM | |
| Topical term or geographic name entry element | One picture |
| Form subdivision | Children's Stories |
| 942 ## - ADDED ENTRY ELEMENTS (KOHA) | |
| Source of classification or shelving scheme | Dewey Decimal Classification |
| Koha item type | Khmer Books |
| Suppress in OPAC | No |
| Withdrawn status | Lost status | Source of classification or shelving scheme | Damaged status | Not for loan | Collection | Home library | Current library | Shelving location | Date acquired | Total Checkouts | Full call number | Barcode | Date last seen | Copy number | Price effective from | Koha item type |
|---|---|---|---|---|---|---|---|---|---|---|---|---|---|---|---|---|
| Dewey Decimal Classification | Khmer Language Books / សៀវភៅភាសាខ្មែរ | Footprints International School Library Network Toul Tom Poung Campus | Footprints International School Library Network Toul Tom Poung Campus | TTP Primary Khmer Bookshelves | 10/10/2025 | MIN PZ7 741 | FISBK04144 | 10/10/2025 | 1 | 10/10/2025 | Khmer Books | |||||
| Dewey Decimal Classification | Khmer Language Books / សៀវភៅភាសាខ្មែរ | Footprints International School Library Network Toul Tom Poung Campus | Footprints International School Library Network Toul Tom Poung Campus | TTP Primary Khmer Bookshelves | 10/10/2025 | MIN PZ7 741 | FISBK04101 | 10/10/2025 | 2 | 10/10/2025 | Khmer Books | |||||
| Dewey Decimal Classification | Khmer Language Books / សៀវភៅភាសាខ្មែរ | Footprints International School Library Network Toul Tom Poung Campus | Footprints International School Library Network Toul Tom Poung Campus | TTP Primary Khmer Bookshelves | 10/10/2025 | MIN PZ7 741 | FISBK04076 | 10/10/2025 | 3 | 10/10/2025 | Khmer Books | |||||
| Dewey Decimal Classification | Khmer Language Books / សៀវភៅភាសាខ្មែរ | Footprints International School Library Network Toul Tom Poung Campus | Footprints International School Library Network Toul Tom Poung Campus | TTP Primary Khmer Bookshelves | 10/10/2025 | MIN PZ7 741 | FISBK04093 | 10/10/2025 | 4 | 10/10/2025 | Khmer Books | |||||
| Dewey Decimal Classification | Khmer Language Books / សៀវភៅភាសាខ្មែរ | Footprints International School Library Network Toul Tom Poung Campus | Footprints International School Library Network Toul Tom Poung Campus | TTP Primary Khmer Bookshelves | 04/22/2026 | MIN PZ7 741 | FISBK04156 | 04/22/2026 | 5 | 04/22/2026 | Khmer Books |
